Państwa większe od Polski, które mają od niej mniej mieszkańców - Statystyki

Ogólne statystyki
  • Ten quiz został rozwiązany 10 073 razy
    4 615 od ostatniego zresetowania
  • Średni wynik to 24 z 38
Statystyki odpowiedzi
P. L. Państwo % Poprawnych
31,93 99,09% Kanada
89%
24,57 67,00% Australia
84%
8,71 48,90% Kazachstan
82%
5,00 8,41% Mongolia
82%
1,44 26,99% Szwecja
75%
2,42 50,73% Chile
73%
1,04 14,01% Norwegia
73%
1,08 14,42% Finlandia
72%
5,63 17,97% Libia
71%
4,11 85,07% Peru
71%
4,11 42,36% Czad
69%
4,05 60,48% Niger
68%
1,43 89,25% Uzbekistan
67%
6,87 90,80% Arabia Saudyjska
66%
3,97 53,55% Mali
66%
2,92 85,01% Wenezuela
66%
3,51 30,33% Boliwia
64%
1,56 14,42% Turkmenistan
64%
1,09 13,80% Kongo
62%
1,43 92,23% Maroko
62%
3,30 10,88% Mauretania
62%
3,99 81,16% Angola
61%
2,64 6,53% Namibia
60%
2,06 27,54% Sudan Południowy
60%
2,09 85,75% Afganistan
58%
2,04 37,41% Somalia
58%
2,56 78,39% Mozambik
56%
2,41 46,63% Zambia
56%
1,86 6,19% Botswana
55%
1,25 36,50% Zimbabwe
55%
1,88 70,89% Madagaskar
54%
1,30 18,91% Paragwaj
52%
1,69 77,92% Jemen
50%
1,99 15,62% Republika Środkowoafrykańska
50%
1,52 64,95% Kamerun
45%
1,05 85,15% Malezja
40%
1,48 23,29% Papua-Nowa Gwinea
37%
1,03 68,97% Wybrzeże Kości Słoniowej
36%
Nie znaleziono quizów pasujących do podanych kryteriów
Rozkład punktacji
Procent ludzi z każdym wynikiem
Percentyl według liczby udzielonych odpowiedzi
Twoja historia wyników
Nie rozwiązałeś tego quizu od ostatniego zresetowania